Statistics for Top 20 Countries US citizens have moved to:

Click here to take the quiz!

General Stats

  • This quiz has been taken 325 times
  • The average score is 16 of 20

Answer Stats

Hint Answer % Correct
1) 738,000 - NACanada
99%
3) 500,287 - NAMexico
98%
10) 100,000 - EFrance
97%
6) 158,000 - EUK
97%
8) 132,000 - AChina / Hong Kong
96%
9) 107,000 - EGermany
95%
11) 98,000 - SABrazil
95%
13) 88,000 - AJapan
94%
15) 63,000 - ESpain
93%
12) 90,000 - OAustralia
92%
5) 170,000 - EItaly
91%
7) 140,000 - ASouth Korea
80%
16) 60,000 - SAColombia
70%
4) 185,000 - AIsrael
62%
19) 38,000 - ATaiwan
60%
2) 600,000 - APhilippines
59%
18) 40,000 - AUnited Arab Emirates
58%
20) 36,000 - EBelgium
47%
17) 53,000 - APakistan
43%
14) 82,000 - NADominican Republic
42%

Score Distribution

Percentile by Number Answered

Percent of People with Each Score

Your Score History

You have not taken this quiz